[Event "Regionalliga SO 1213"]
[Site "Bayern"]
[Date "2012.11.11"]
[Round "2.6"]
[White "Brem, Stephan"]
[Black "Binder, Karl Heinz"]
[Result "1-0"]
[WhiteElo "2050"]
[BlackElo "2009"]
[PlyCount "55"]
[EventDate "2012.10.14"]
[EventType "team-tourn"]
[EventRounds "9"]
[EventCountry "GER"]
[SourceTitle "EXT 2015"]
[Source "ChessBase"]
[SourceDate "2014.11.20"]
[SourceVersion "1"]
[SourceVersionDate "2014.11.20"]
[SourceQuality "1"]
[WhiteTeam "Ebersberg Grafing"]
[BlackTeam "Roehrnbach"]
[WhiteTeamCountry "GER"]
[BlackTeamCountry "GER"]

1. b3 Nf6 2. Bb2 d5 3. e3 c6 4. f4 Bg4 5. Be2 Bxe2 6. Qxe2 Nbd7 7. Nf3 g6 8. 0-0 Bg7 9. d3 0-0 10. Kh1 Qc7 11. Nbd2 Ne8 12. d4 Ndf6 13. c4 Nd6 14. Rac1 Qa5 15. Bc3 Qd8 16. Bb4 Re8 17. Ne5 Nde4 18. f5 Nxd2 19. fxg6 fxg6 20. Bxd2 Rf8 21. Bb4 a5 22. Bc5 a4 23. cxd5 cxd5 24. Qb5 axb3 25. axb3 Qc7 26. Bb4 Qd8 27. Qxb7 Rb8 28. Qxe7 1-0

[Event "Regionalliga SO 1213"]
[Site "Bayern"]
[Date "2012.10.14"]
[Round "1.7"]
[White "Schubert, Josef"]
[Black "Binder, Karl Heinz"]
[Result "0-1"]
[WhiteElo "1960"]
[BlackElo "2009"]
[PlyCount "102"]
[EventDate "2012.10.14"]
[EventType "team-tourn"]
[EventRounds "9"]
[EventCountry "GER"]
[SourceTitle "EXT 2015"]
[Source "ChessBase"]
[SourceDate "2014.11.20"]
[SourceVersion "1"]
[SourceVersionDate "2014.11.20"]
[SourceQuality "1"]
[WhiteTeam "Landshut"]
[BlackTeam "Roehrnbach"]
[WhiteTeamCountry "GER"]
[BlackTeamCountry "GER"]

1. e4 c6 2. d4 d5 3. f3 e6 4. Nc3 Nf6 5. e5 Nfd7 6. f4 c5 7. Nf3 Nc6 8. Be2 a6 9. Be3 Qb6 10. Qd2 cxd4 11. Nxd4 Qxb2 12. Rb1 Qa3 13. 0-0 Nxd4 14. Bxd4 Bc5 15. Kh1 Bxd4 16. Qxd4 Qc5 17. Qd3 g6 18. Rb3 b5 19. Qg3 Nb6 20. Bd3 Bd7 21. Qh4 Bc6 22. Qf6 Rg8 23. Qh4 Nc4 24. Nb1 d4 25. c3 Ne3 26. Rg1 Qd5 27. Qf2 Rd8 28. Nd2 Qc5 29. cxd4 Qxd4 30. Nf3 Qxf4 31. Bxb5 axb5 32. Rxe3 Rd7 33. Rf1 Kd8 34. Qe1 Kc8 35. Rc3 Kb7 36. Qc1 Qxc1 37. Rfxc1 Bxf3 38. gxf3 Rgd8 39. Rb3 Rd1+ 40. Rxd1 Rxd1+ 41. Kg2 Rd2+ 42. Kg3 Kc6 43. Ra3 b4 44. Ra7 h6 45. h4 Kc5 46. Kf4 Kd4 47. Rd7+ Kc3 48. Rc7+ Kb2 49. Ra7 Rd4+ 50. Ke3 Rxh4 51. Kd3 Rf4 0-1

[Event "Niederbayernliga 1011"]
[Site "Germany"]
[Date "2010.12.12"]
[Round "4.5"]
[White "Binder, Karl Heinz"]
[Black "Oberpriller, Johannes"]
[Result "1-0"]
[WhiteElo "2015"]
[BlackElo "1766"]
[PlyCount "73"]
[EventDate "2010.10.10"]
[EventType "team-tourn"]
[EventRounds "9"]
[EventCountry "GER"]
[SourceTitle "EXT 2012"]
[Source "ChessBase"]
[SourceDate "2011.11.24"]
[SourceVersion "1"]
[SourceVersionDate "2011.11.24"]
[SourceQuality "1"]
[WhiteTeam "Roehrnbach"]
[BlackTeam "Ergolding"]
[WhiteTeamCountry "GER"]
[BlackTeamCountry "GER"]

1. c4 c5 2. Nc3 Nc6 3. Nf3 g6 4. g3 Bg7 5. Bg2 Nf6 6. d4 cxd4 7. Nxd4 Nxd4 8. Qxd4 d6 9. 0-0 0-0 10. Bg5 Qa5 11. Qd2 Re8 12. Rfd1 Rb8 13. Bxf6 exf6 14. Nb5 Qb6 15. Nxd6 Rd8 16. b4 Be6 17. c5 Qc7 18. Bd5 Bf8 19. Bxe6 fxe6 20. Qf4 Qe7 21. Rac1 b6 22. Rd2 bxc5 23. bxc5 f5 24. Qc4 Kg7 25. Rcd1 h6 26. Rd3 Kh7 27. Re3 e5 28. Rb3 Rxb3 29. Qxb3 Qc7 30. Qd5 e4 31. Rb1 Rb8 32. Rxb8 Qxb8 33. Qb7+ Qxb7 34. Nxb7 Bg7 35. c6 Be5 36. Nc5 Kg8 37. Na6 1-0

[Event "Niederbayernliga 1011"]
[Site "Germany"]
[Date "2010.10.24"]
[Round "2.4"]
[White "Binder, Karl Heinz"]
[Black "Demmer, Joachim"]
[Result "1-0"]
[WhiteElo "2015"]
[BlackElo "1852"]
[PlyCount "59"]
[EventDate "2010.10.10"]
[EventType "team-tourn"]
[EventRounds "9"]
[EventCountry "GER"]
[SourceTitle "EXT 2012"]
[Source "ChessBase"]
[SourceDate "2011.11.24"]
[SourceVersion "1"]
[SourceVersionDate "2011.11.24"]
[SourceQuality "1"]
[WhiteTeam "Roehrnbach"]
[BlackTeam "Geiselhoering"]
[WhiteTeamCountry "GER"]
[BlackTeamCountry "GER"]

1. c4 c6 2. Nc3 d5 3. cxd5 cxd5 4. d4 Nc6 5. Nf3 Nf6 6. Bf4 a6 7. e3 Bg4 8. Bd3 e6 9. 0-0 Bd6 10. Bxd6 Qxd6 11. Rc1 0-0 12. Na4 Nd7 13. Bxh7+ Kxh7 14. Ng5+ Kg6 15. Qxg4 f5 16. Ne4+ fxg4 17. Nxd6 b5 18. Rxc6 bxa4 19. Rfc1 Rab8 20. R1c2 Rb6 21. Nc8 Rxc6 22. Rxc6 Kf6 23. Nb6 Nxb6 24. Rxb6 Rc8 25. h3 gxh3 26. gxh3 Rc2 27. Kg2 a3 28. bxa3 Rxa2 29. Rxa6 Kf5 30. a4 1-0

[Event "Niederbayernliga 0910"]
[Site "Germany"]
[Date "2010.01.24"]
[Round "5.4"]
[White "Demmer, Joachim"]
[Black "Binder, Karl Heinz"]
[Result "0-1"]
[WhiteElo "1893"]
[BlackElo "1993"]
[PlyCount "88"]
[EventDate "2009.10.18"]
[EventType "team-tourn"]
[EventRounds "9"]
[EventCountry "GER"]
[SourceTitle "EXT 2011"]
[Source "ChessBase"]
[SourceDate "2010.11.26"]
[SourceVersion "1"]
[SourceVersionDate "2010.11.26"]
[SourceQuality "1"]
[WhiteTeam "Geiselhoering"]
[BlackTeam "Roehrnbach"]
[WhiteTeamCountry "GER"]
[BlackTeamCountry "GER"]

1. d4 d5 2. Nf3 e6 3. c4 Nf6 4. Nc3 Be7 5. Bf4 0-0 6. e3 b6 7. h3 Bb7 8. Bd3 dxc4 9. Bxc4 c5 10. 0-0 a6 11. Qe2 b5 12. Bd3 Nbd7 13. Rfd1 Qb6 14. Ne5 Rfd8 15. Bc2 Rac8 16. Rac1 cxd4 17. exd4 b4 18. Na4 Qa5 19. b3 Nb6 20. Nxb6 Qxb6 21. Nc4 Qa7 22. Be5 Bd5 23. Bd3 a5 24. g4 Bb7 25. f3 Nd7 26. Kg2 Nf6 27. Kh2 Nd5 28. Rc2 Nc3 29. Rxc3 bxc3 30. Qc2 g6 31. Qxc3 Bxf3 32. Rf1 Bd5 33. Qd2 Bxc4 34. Bxc4 Bd6 35. Qf4 Bxe5 36. dxe5 Rc5 37. Re1 Qc7 38. Re2 Rd1 39. h4 Qc6 40. Rg2 Re1 41. h5 Rcxe5 42. hxg6 hxg6 43. Qf6 Qd6 44. Kh3 Rh1+ 0-1

[Event "Niederbayernliga 0708"]
[Site "Germany"]
[Date "2007.11.04"]
[Round "2.5"]
[White "Binder, Karl Heinz"]
[Black "Kutschera, Gottlieb"]
[Result "1/2-1/2"]
[WhiteElo "1999"]
[BlackElo "1767"]
[PlyCount "90"]
[EventDate "2007.10.21"]
[EventType "team-tourn"]
[EventRounds "9"]
[EventCountry "GER"]
[SourceTitle "EXT 2009"]
[Source "ChessBase"]
[SourceDate "2008.11.26"]
[SourceVersion "1"]
[SourceVersionDate "2008.11.26"]
[SourceQuality "1"]
[WhiteTeam "Waldkirchen Freyung"]
[BlackTeam "Landau Dingolfing"]
[WhiteTeamCountry "GER"]
[BlackTeamCountry "GER"]

1. c4 c5 2. Nc3 Nc6 3. Nf3 g6 4. g3 Bg7 5. Bg2 b6 6. 0-0 Bb7 7. d3 Nd4 8. Nxd4 Bxg2 9. Ne6 dxe6 10. Kxg2 Nf6 11. Rb1 0-0 12. Qc2 Qd6 13. a3 a6 14. b4 cxb4 15. axb4 Rfc8 16. Bd2 Qc6+ 17. f3 b5 18. c5 a5 19. bxa5 Qxc5 20. Qb3 Qe5 21. Ne4 Nd5 22. e3 b4 23. d4 Qb8 24. Bxb4 Qxb4 25. Qxb4 Nxb4 26. Rxb4 Rxa5 27. f4 Ra2+ 28. Rf2 Ra3 29. Re2 h6 30. h4 h5 31. Kf2 Bf6 32. Reb2 Rc7 33. Rb8+ Kg7 34. Rd8 Rc1 35. Re2 Rd3 36. Kg2 Rdd1 37. Nf2 Rg1+ 38. Kf3 Rc3 39. Ne4 Ra3 40. Kf2 Rh1 41. Kg2 Rha1 42. Kf3 Rd1 43. Rd2 Re1 44. Re2 Rd1 45. Rd2 Re1 1/2-1/2

[Event "Niederbayernliga 0607"]
[Site "Germany"]
[Date "2006.??.??"]
[Round "4.3"]
[White "Kreilinger, Erich"]
[Black "Binder, Karl Heinz"]
[Result "1-0"]
[WhiteElo "1830"]
[BlackElo "2016"]
[PlyCount "81"]
[EventDate "2006.??.??"]
[EventType "team-tourn"]
[EventRounds "9"]
[EventCountry "GER"]
[SourceTitle "EXT 2008"]
[Source "ChessBase"]
[SourceDate "2007.11.25"]
[SourceVersion "1"]
[SourceVersionDate "2007.11.25"]
[SourceQuality "1"]
[WhiteTeam "Geiselhoering"]
[BlackTeam "Waldkirchen"]
[WhiteTeamCountry "GER"]
[BlackTeamCountry "GER"]

1. d4 d5 2. c4 e6 3. Nf3 Nf6 4. a3 b6 5. Nc3 Bb7 6. e3 Bd6 7. b3 0-0 8. Bd3 Ne4 9. Bb2 Nd7 10. Qc2 f5 11. Nb5 Qe7 12. 0-0 c6 13. Nxd6 Qxd6 14. Qe2 Rac8 15. Rfd1 Qe7 16. b4 Rfd8 17. Rac1 Qd6 18. Bb1 a6 19. Ne1 b5 20. f3 Ng5 21. c5 Qe7 22. e4 Qf6 23. h4 Nf7 24. g3 f4 25. e5 Qh6 26. Qh2 fxg3 27. Qxg3 Rf8 28. Ng2 Nh8 29. Qg4 Rce8 30. Rc3 g6 31. Bc1 Qg7 32. Nf4 Qf7 33. h5 Kg7 34. hxg6 Nxg6 35. Nh5+ Kh8 36. Kf2 Rg8 37. Bg5 Ref8 38. Re3 h6 39. Rh1 Ngxe5 40. dxe5 Rxg5 41. Qxg5 1-0

[Event "Landesliga Sued 0405"]
[Site "Bayern"]
[Date "2005.03.13"]
[Round "8.7"]
[White "Hackbarth, Wolfgang"]
[Black "Binder, Karl Heinz"]
[Result "1/2-1/2"]
[WhiteElo "2053"]
[BlackElo "2070"]
[PlyCount "21"]
[EventDate "2004.10.24"]
[EventType "team-tourn"]
[EventRounds "9"]
[EventCountry "GER"]
[SourceTitle "EXT 2007"]
[Source "ChessBase"]
[SourceDate "2006.11.23"]
[SourceVersion "1"]
[SourceVersionDate "2006.11.23"]
[SourceQuality "1"]
[WhiteTeam "Pfarrkirchen SC"]
[BlackTeam "Waldkirchen"]
[WhiteTeamCountry "GER"]
[BlackTeamCountry "GER"]

1. c4 c6 2. d4 d5 3. Nf3 Nf6 4. g3 Bf5 5. Nbd2 e6 6. Bg2 Nbd7 7. 0-0 h6 8. b3 Be7 9. Bb2 0-0 10. Ne5 Re8 11. Kh1 1/2-1/2

[Event "Landesliga Sued 0405"]
[Site "Bayern"]
[Date "2004.12.12"]
[Round "4.8"]
[White "Binder, Karl Heinz"]
[Black "Buchert, Wolfgang"]
[Result "0-1"]
[WhiteElo "2070"]
[BlackElo "2044"]
[PlyCount "78"]
[EventDate "2004.10.24"]
[EventType "team-tourn"]
[EventRounds "9"]
[EventCountry "GER"]
[SourceTitle "EXT 2007"]
[Source "ChessBase"]
[SourceDate "2006.11.23"]
[SourceVersion "1"]
[SourceVersionDate "2006.11.23"]
[SourceQuality "1"]
[WhiteTeam "Waldkirchen"]
[BlackTeam "Kriegshaber SK"]
[WhiteTeamCountry "GER"]
[BlackTeamCountry "GER"]

1. c4 e6 2. Nc3 d5 3. cxd5 exd5 4. d4 Nf6 5. Bg5 Be7 6. e3 0-0 7. Bd3 Bg4 8. Qc2 Nbd7 9. Nge2 c5 10. dxc5 Nxc5 11. Bf5 Nce4 12. Bxe4 dxe4 13. Bxf6 Bxf6 14. Nxe4 Qa5+ 15. N2c3 Be5 16. 0-0 Bf5 17. Qb3 Be6 18. Qc2 Rac8 19. f4 Bc7 20. Ng5 Bf5 21. e4 Bg6 22. f5 Bh5 23. Kh1 Qe5 24. g3 Ba5 25. Rac1 Rfe8 26. Rf4 h6 27. Nh3 g5 28. fxg6 Bxg6 29. Nf2 h5 30. Kg2 Rc4 31. Qd3 Rd4 32. Qf3 Rd2 33. Nd5 Qxb2 34. Rf1 Kh8 35. Rxf7 Bxe4 36. Rf8+ Rxf8 37. Qxe4 Rdxf2+ 38. Rxf2 Rxf2+ 39. Kg1 Rf7 0-1

[Event "Landesliga Sued 0405"]
[Site "Bayern"]
[Date "2004.11.28"]
[Round "3.6"]
[White "Steffen, Kevin"]
[Black "Binder, Karl Heinz"]
[Result "0-1"]
[WhiteElo "1974"]
[BlackElo "2070"]
[PlyCount "114"]
[EventDate "2004.10.24"]
[EventType "team-tourn"]
[EventRounds "9"]
[EventCountry "GER"]
[SourceTitle "EXT 2007"]
[Source "ChessBase"]
[SourceDate "2006.11.23"]
[SourceVersion "1"]
[SourceVersionDate "2006.11.23"]
[SourceQuality "1"]
[WhiteTeam "Klosterlechfeld"]
[BlackTeam "Waldkirchen"]
[WhiteTeamCountry "GER"]
[BlackTeamCountry "GER"]

1. e4 c6 2. d4 d5 3. Nc3 dxe4 4. Nxe4 Bf5 5. Ng3 Bg6 6. h4 h6 7. Nf3 Nd7 8. Bd3 Bxd3 9. Qxd3 Ngf6 10. Bd2 e6 11. 0-0-0 Qc7 12. Kb1 0-0-0 13. Rhe1 Bd6 14. Ne4 Nxe4 15. Rxe4 c5 16. Qa3 Kb8 17. dxc5 Nxc5 18. Rc4 Qe7 19. Be3 Na6 20. Rxd6 Qxd6 21. Qxd6+ Rxd6 22. Bf4 Rhd8 23. Kc1 Nc7 24. Bxd6 Rxd6 25. Rg4 Ne8 26. Rf4 f6 27. h5 f5 28. g4 Nf6 29. gxf5 Nxh5 30. Rh4 Nf6 31. Nd4 exf5 32. Nxf5 Rd7 33. Rh3 Ne4 34. Rf3 Rf7 35. Kd1 g6 36. Nh4 Rxf3 37. Nxf3 Nxf2+ 38. Ke2 Ng4 39. Kd3 Kc7 40. Ke4 Kd6 41. Kf4 Nf6 42. Ne5 g5+ 43. Kf5 Ng8 44. Nf7+ Kd5 45. c3 b5 46. Nd8 Ne7+ 47. Kg4 Nc6 48. Nb7 Ne5+ 49. Kh5 g4 50. Kh4 h5 51. b3 Nc6 52. Kg3 Ne7 53. Kf4 Nf5 54. c4+ bxc4 55. bxc4+ Kxc4 56. Kxf5 g3 57. Nd6+ Kb4 0-1

[Event "Landesliga Sued 0304"]
[Site "Bayern"]
[Date "2004.02.15"]
[Round "6.4"]
[White "Binder, Karl Heinz"]
[Black "Helbig, Uwe"]
[Result "0-1"]
[WhiteElo "2084"]
[BlackElo "2182"]
[PlyCount "60"]
[EventDate "2003.10.12"]
[EventType "team-tourn"]
[EventRounds "9"]
[EventCountry "GER"]
[SourceTitle "EXT 2006"]
[Source "ChessBase"]
[SourceDate "2005.11.24"]
[SourceVersion "1"]
[SourceVersionDate "2005.11.24"]
[SourceQuality "1"]
[WhiteTeam "Waldkirch"]
[BlackTeam "Muenchen 36"]
[WhiteTeamCountry "GER"]
[BlackTeamCountry "GER"]

1. c4 e5 2. Nc3 Nc6 3. Nf3 f5 4. d4 e4 5. Bg5 Be7 6. Bxe7 Ngxe7 7. Nd2 Nxd4 8. Ndxe4 Nec6 9. Nd2 0-0 10. g3 d6 11. Bg2 f4 12. 0-0 fxg3 13. hxg3 Bg4 14. Nf3 Nxe2+ 15. Nxe2 Rxf3 16. Bxf3 Bxf3 17. Qd3 Qf6 18. Qe3 Qf5 19. Nf4 Ne5 20. c5 Kh8 21. cxd6 cxd6 22. Qb3 Re8 23. Rfe1 Bc6 24. Re3 g5 25. Nd5 Rf8 26. f4 gxf4 27. gxf4 Bxd5 28. Qxd5 Qxf4 29. Re2 Nf3+ 30. Kf2 Nd4+ 0-1

[Event "Landesliga Sued 0203"]
[Site "Bayern"]
[Date "2002.11.17"]
[Round "2.8"]
[White "Binder, Karl Heinz"]
[Black "Kuehn, Karsten"]
[Result "1-0"]
[WhiteElo "2076"]
[BlackElo "2012"]
[PlyCount "114"]
[EventDate "2002.10.20"]
[EventType "team-tourn"]
[EventRounds "9"]
[EventCountry "GER"]
[SourceTitle "EXT 2004"]
[Source "ChessBase"]
[SourceDate "2003.11.25"]
[SourceVersion "1"]
[SourceVersionDate "2003.11.25"]
[SourceQuality "1"]
[WhiteTeam "Waldkirch"]
[BlackTeam "Graefelfing"]
[WhiteTeamCountry "GER"]
[BlackTeamCountry "GER"]

1. c4 Nf6 2. Nc3 e5 3. Nf3 d6 4. d4 Nbd7 5. g3 c6 6. Bg2 Qc7 7. 0-0 Be7 8. Qc2 0-0 9. b4 Re8 10. b5 Nf8 11. bxc6 bxc6 12. Rd1 Bg4 13. h3 Bh5 14. Qa4 N8d7 15. Ba3 Nb6 16. Qa6 e4 17. Nh4 d5 18. Bxe7 Rxe7 19. Nf5 Ree8 20. Ne3 dxc4 21. Nxc4 Nbd5 22. Nxd5 cxd5 23. Ne3 Qb6 24. Qxb6 axb6 25. g4 Bg6 26. g5 Nd7 27. Nxd5 Ra5 28. Nc3 Rxg5 29. Rdc1 Ra5 30. e3 f5 31. Bf1 Rea8 32. a4 Bf7 33. Rab1 Kf8 34. Bb5 Nf6 35. Bc6 Rb8 36. Rb4 Ke7 37. Rcb1 Ra6 38. Bb5 Ra5 39. Bc6 Ra6 40. Kf1 Kd6 41. d5 Ke5 42. Rb5 Kd6 43. R5b4 Ke5 44. Rd4 Ne8 45. Nb5 Nd6 46. Nxd6 Kxd6 47. Bb5 Ra7 48. Rc1 Rc7 49. Rc6+ Rxc6 50. dxc6+ Kc5 51. Rd7 Bc4+ 52. Bxc4 Kxc4 53. Rxg7 Rc8 54. Rxh7 Rxc6 55. Rd7 Rg6 56. Ke2 Kb4 57. Rd4+ Kc5 1-0

[Event "Landesliga Sued 0102"]
[Site "Bayern"]
[Date "2002.04.14"]
[Round "8.8"]
[White "Binder, Karl Heinz"]
[Black "Epple, Ulrich"]
[Result "1-0"]
[WhiteElo "2095"]
[BlackElo "1855"]
[PlyCount "67"]
[EventDate "2001.10.07"]
[EventType "team-tourn"]
[EventRounds "9"]
[EventCountry "GER"]
[SourceTitle "EXT 2003"]
[Source "ChessBase"]
[SourceDate "2002.11.25"]
[SourceVersion "1"]
[SourceVersionDate "2002.11.25"]
[SourceQuality "1"]
[WhiteTeam "Waldkirch"]
[BlackTeam "Tuerkheim/Bad Woerishofen"]
[WhiteTeamCountry "GER"]
[BlackTeamCountry "GER"]

1. c4 Nf6 2. Nc3 g6 3. Nf3 Bg7 4. d4 0-0 5. Bg5 h6 6. Bh4 d6 7. e3 Nbd7 8. Be2 c6 9. 0-0 Qc7 10. b4 e5 11. Qb3 Re8 12. Rfd1 g5 13. Bg3 Nh5 14. Rac1 Nxg3 15. hxg3 e4 16. Nd2 f5 17. c5+ d5 18. Nxd5 cxd5 19. Qxd5+ Kh8 20. Qxf5 Nf8 21. Qd5 Be6 22. Qxe4 Bb3 23. Qd3 Bxd1 24. Rxd1 Rad8 25. Nc4 Nh7 26. Nd6 Rxd6 27. cxd6 Qxd6 28. a3 Nf6 29. Rc1 g4 30. Qg6 h5 31. Rc5 b6 32. Rxh5+ Kg8 33. Bc4+ Re6 34. Rg5 1-0

[Event "Landesliga Sued 0102"]
[Site "Bayern"]
[Date "2001.11.25"]
[Round "3.8"]
[White "Binder, Karl Heinz"]
[Black "Hecht, Christoph"]
[Result "1-0"]
[WhiteElo "2095"]
[BlackElo "1975"]
[PlyCount "75"]
[EventDate "2001.10.07"]
[EventType "team-tourn"]
[EventRounds "9"]
[EventCountry "GER"]
[SourceTitle "EXT 2003"]
[Source "ChessBase"]
[SourceDate "2002.11.25"]
[SourceVersion "1"]
[SourceVersionDate "2002.11.25"]
[SourceQuality "1"]
[WhiteTeam "Waldkirch"]
[BlackTeam "Fuerstenfeldbruck"]
[WhiteTeamCountry "GER"]
[BlackTeamCountry "GER"]

1. c4 Nf6 2. Nc3 g6 3. Nf3 Bg7 4. d4 d6 5. Bg5 c6 6. e3 Nbd7 7. Be2 0-0 8. 0-0 Qc7 9. b4 e5 10. Qb3 Re8 11. Rfd1 Nf8 12. d5 N8d7 13. e4 a5 14. a3 h6 15. Bd2 Kh7 16. Ne1 Qd8 17. Be3 Bf8 18. Nd3 cxd5 19. cxd5 a4 20. Qc2 Nb6 21. Nb2 Bd7 22. Rac1 Rc8 23. f3 Nh5 24. Qd2 Bg7 25. Nb5 Bf8 26. Nc7 Rxc7 27. Bxb6 Rc2 28. Bxd8 Rxd2 29. Rxd2 Rxd8 30. Rc7 Be8 31. Rxb7 Rc8 32. Bc4 Nf6 33. Rc2 h5 34. Bd3 Rxc2 35. Bxc2 Bh6 36. Bxa4 Bc1 37. Bxe8 Nxe8 38. Nc4 1-0